000 00385nam a22001217a 4500
999 _c10293
_d10293
003 OSt
008 201218b ||||| |||| 00| 0 eng d
245 _aThe ICFAI Journal of Brand Management
250 _a2007(Dec Vol.4 No.4) 2008(Mar Vol.5 No.1, Jun Vol.5 No.2, Sep Vol.5 No.3, Dec Vol.5 No.4)
260 _aHyderabad
_bICFAI University Press
650 _aManagement
942 _2ddc
_cBV